000 00472nam a2200181Ia 4500
001 919
005 20260306140553.0
008 260306t2005||||xx |||||||||||||| ||spa||
041 _aESP
082 _a174.3
_bG71
100 _aGonzález Fabre, Raúl
_eAUT
245 0 _aÉtica y economía:
_buna ética para los economistas y entendidos en economía
260 _c2005
300 _a306 páginas :
_c23 cm.
650 _aGEN
654 _aCHU
942 _cLIB
_dJUS
_fJUS
_2ddc
_n
999 _c919
_d919